000
00198 a2200097 4500
020
_a
9780836874495
041
_a
spa
100
_a
Mezzanotte, jim
245
_a
Como funcionan las poleas
942
_c
BK
999
_c
10066
_d
10066